Сущность и значение понятия "реструктуризация" для целей устойчивого развития социально ориентированной экономики; Экономика России в XXI веке

Detalles Bibliográficos
Parent link:Экономика России в XXI веке.— 2008.— С. 315-317
Autor Principal: Павленко А. Н. Алла Николаевна
Idioma:ruso
Publicado: 2008
Subjects:
Formato: Capítulo de libro
KOHA link:https://koha.lib.tpu.ru/cgi-bin/koha/opac-detail.pl?biblionumber=155130

MARC

LEADER 00000naa2a2200000 4500
001 155130
005 20231031152217.0
035 |a (RuTPU)RU\TPU\book\168282 
090 |a 155130 
100 |a 20090311d2008 k y0rusy50 ca 
101 0 |a rus 
102 |a RU 
200 1 |a Сущность и значение понятия "реструктуризация" для целей устойчивого развития социально ориентированной экономики  |f А. Н. Павленко 
320 |a Библиогр.: 2 назв. 
463 0 |0 (RuTPU)RU\TPU\book\161559  |t Экономика России в XXI веке  |o сборник научных трудов V Всероссийской научно-практической конференции "Теоретические проблемы экономической безопасности России в XXI веке", Томск, 2008  |f Томский политехнический университет (ТПУ), Инженерно-экономический факультет, Кафедра экономики; под ред. Г. А. Барышевой  |v С. 315-317  |d 2008  |p 377 с. 
610 1 |a экономика 
610 1 |a развитие 
610 1 |a экономическое развитие 
610 1 |a социально ориентированная экономика 
610 1 |a реструктуризация 
610 1 |a рыночная экономика 
610 1 |a социальная экономика 
610 1 |a труды учёных ТПУ 
700 1 |a Павленко  |b А. Н.  |c специалит в области маркетинга  |c аспирант Томского политехнического университета  |f 1978-  |g Алла Николаевна  |2 stltpush  |3 (RuTPU)RU\TPU\pers\25560 
801 1 |a RU  |b 63413507  |c 20090311  |g PSBO 
801 2 |a RU  |b 63413507  |c 20130206  |g RCR 
942 |c BK